000 00321nam a2200145Ia 4500
003 OSt
005 20240330144814.0
008 170524s9999 xx 000 0 und d
020 _a9780070593749
040 _cIIMT UNIVERSITY
100 _aNorton
245 0 _aINTRODUCTION TO COMPUTER
260 _aTMH
942 _2ddc
_c02
999 _c3152
_d3152